00195nam a2200073Ia 4500008004100000082000800041100001900049245005300068240331s9999 xx 000 0 und d bPAN aPannikker, K.N 0aNaveena inthiyavil kalachcharamum samuka unarvum